| 000 | 02589nem a2200433 4500 | ||
|---|---|---|---|
| 001 | RU\NLR\DIGIT\30211 | ||
| 005 | 20250313201133.0 | ||
| 035 | _a(NLR Aleph) 010112879 | ||
| 090 |
_a9973304 _c9973304 |
||
| 100 | _a20051109d1776 m y0rusy50 ca | ||
| 101 | 0 | _arus | |
| 102 | _aRU | ||
| 120 | _abyy xx|| | ||
| 123 | 1 |
_aа _b900000 |
|
| 135 | _acrcn 024apabr | ||
| 200 | 1 |
_aГеографическая карта Могилевской губернии _bКарты _eна четыре провинции разделенная _fсочинял Я. Шмид[т] _gвырезывал Л. Сергеев _g[худож. рамку] грид. И. Кувакин |
|
| 206 | _a[ок. 1:900 000, ок. 21 версты в дюйме (9 км в 1 см), граф. м-б в верстах] | ||
| 210 |
_a[Санкт-Петербург _cГеографический департамент Императорской Академии наук] _d1776 |
||
| 215 |
_a1 к _cграв., раскраш. _d46х56 (58х67) см |
||
| 300 | _aТо же, нераскраш., на рус. яз. К 1-Зап 2/19; то же, раскраш., на рус. яз. К 1-Зап 2/58; то же, на лат. яз., нераскраш., 1777 г. изд. К 1-Зап 2/18; то же, раскраш., на лат. яз., в худож. рамке И. Кувакина, 1777 г. изд. К 1-Зап 3/45 | ||
| 325 | _aКопия доступна в Электрон. б-ке РНБ http://vivaldi.nlr.ru/cm000000241/view | ||
| 509 | 0 | 1 |
_aМогилёвская губерния _3RU\NLR\auth_crt\551680 |
| 607 |
_aМогилёвская губерния _jКарты _2nlr_sh2 _3RU\NLR\AUTH\6601656371 |
||
| 608 |
_aОбщегеографические карты среднемасштабные _2nlr_sh1 _2nlr_sh2 _3RU\NLR\AUTH\661390487 |
||
| 701 | 1 |
_aШмидт _bЯ. Ф. _cSchmidt, Jacob Friedrich _f1700-1786 _gЯков Фридрих |
|
| 702 | 1 |
_aСергеев _bЛ. _f1753–после 1799 _gЛеонтий _4350 |
|
| 702 | 1 |
_aКувакин _bИван _f1751/1752-после 1809 _gИ. _4350 |
|
| 801 | 2 |
_aRU _bNLR _c20070626 _2rusmarc |
|
| 852 |
_aNLR _bК _j1-Зап 2/1 _m17194 |
||
| 856 | 0 | _uhttp://vivaldi.nlr.ru/cm000000241/view | |
| 856 | 1 | _uhttp://vivaldi.nlr.ru/cm000000241/cover | |
| 856 | 2 | _uhttp://vivaldi.nlr.ru/cm000000241/text | |
| 942 | _cMAP | ||
| 980 | _aCRT_CCRP18 | ||
| 980 | _aNB | ||
| 981 | 3 | 6 | _a(36) Цифровой репозиторий РНБ |
| 981 | 1 | 9 | _a(19) Картографические материалы |